000 00813nam a2200229 i 4500
001 123554
003 ES-MaACL
005 20251114152813.0
007 t|
008 070214s1961 sp r ||||1| spa d
245 0 3 _aLa Parroquía
_b: de la teoría a la práctica /
_cbajo la dirección de Hugo Rahner, S. J. ; versión española del Rvdo. Sr. José Manzana.
260 _aSan Sebastián :
_bDinor,
_c1961.
300 _a161 p. ;
_c18 cm.
490 1 _aColección "Prisma" ;
_v63
650 4 _aParroquias.
_9165874
650 0 7 _aTeología pastoral
_2embne
_917472
700 1 _aRahner, Hugo.
_995011
700 1 _aManzana Martínez de Marañón, José,
_d1928-1978
_976193
830 0 _aColección "Prisma" ;
_v63
_9218946
852 _aES-MaACL
_jG-9656
_bR.48328
999 _c123554
_d123554